Estatísticas para Uruguai

Clique aqui para jogar o quiz

Estatísticas Gerais

  • Esse quiz foi jogado 26 vezes
  • A pontuação média é 7 de 11

Estatísticas das Respostas

HintResposta% Correto
Onde fica?América do Sul
100%
Qual é o seu idioma?Espanhol
100%
Qual é a sua capital?Montevidéu
95%
Qual é o desporto mais popular?Futebol
90%
De que país é independente?Brasil
81%
Qual é a sua religião?Cristianismo
67%
Qual é a sua moeda?Peso uruguaio
62%
Que rio separa o Uruguai da Argentina?Prata
43%
Qual é a sua bebida típica?Chimarrão
38%
Qual é o seu prato típico?Parrilla
5%
Qual é o instrumento nacional do país?Violão
5%

Distribuição das Pontuações

Percentil de Números Respondidos

Porcentagem de Pessoas com Cada Pontuação

Sua Pontuação Histórica

Você não jogou esse quiz